[Event "Steinfurt Bezirksklasse 0304"]
[Site "Germany"]
[Date "2004.05.29"]
[Round "11.6"]
[White "Just, Sergey"]
[Black "Bartsch, Ina"]
[Result "1/2-1/2"]
[WhiteElo "1288"]
[BlackElo "1157"]
[PlyCount "30"]
[EventDate "2003.09.27"]
[EventType "team-tourn"]
[EventRounds "11"]
[EventCountry "GER"]
[SourceTitle "EXT 2005"]
[Source "ChessBase"]
[SourceDate "2004.11.15"]
[SourceVersion "1"]
[SourceVersionDate "2004.11.15"]
[SourceQuality "1"]
[WhiteTeam "Steinfurt III"]
[BlackTeam "Saerbeck Falke IV"]
[WhiteTeamCountry "GER"]
[BlackTeamCountry "GER"]

1. d4 d5 2. c4 dxc4 3. Nf3 Bf5 4. Nc3 e6 5. h3 Nf6 6. Bg5 Bb4 7. Qa4+ Nc6 8. e3 0-0 9. Bxc4 h6 10. Bh4 Be7 11. 0-0 Ne4 12. Bxe7 Qxe7 13. Nxe4 Bxe4 14. Nd2 Bd5 15. Qb3 Bxc4 1/2-1/2

[Event "Steinfurt Kreisklasse 0203"]
[Site "Germany"]
[Date "2002.12.07"]
[Round "4.6"]
[White "Bartsch, Ina"]
[Black "Peters, Tobias"]
[Result "1/2-1/2"]
[WhiteElo "1080"]
[BlackElo "1183"]
[PlyCount "30"]
[EventDate "2002.09.21"]
[EventType "team-tourn"]
[EventRounds "10"]
[EventCountry "GER"]
[SourceTitle "EXT 2005"]
[Source "ChessBase"]
[SourceDate "2004.11.15"]
[SourceVersion "1"]
[SourceVersionDate "2004.11.15"]
[SourceQuality "1"]
[WhiteTeam "Saerbeck Falke IV"]
[BlackTeam "Rheine SG II"]
[WhiteTeamCountry "GER"]
[BlackTeamCountry "GER"]

1. e4 c6 2. d4 d5 3. exd5 cxd5 4. Bf4 Nc6 5. Nf3 Nf6 6. Nc3 Bg4 7. Be2 e6 8. 0-0 Qb6 9. b3 Bxf3 10. Bxf3 Qxd4 11. Qxd4 Nxd4 12. Bd1 Rc8 13. Bd2 Bb4 14. Nb5 Nxb5 15. Bxb4 Ne4 1/2-1/2